000 00359nam a2200133Ia 4500
008 151001s9999||||xx |||||||||||||| ||und||
100 _aशर्मा कुमार पाटील
245 _aगुस्से को जितीए
250 _a1
260 _bशिलालेख
260 _c2004
300 _a119
365 _b21
999 _c985864
_d985861